<?xml version="1.0" encoding="UTF-8"?>
<record
    xmlns:xsi="http://www.w3.org/2001/XMLSchema-instance"
    xsi:schemaLocation="http://www.loc.gov/MARC21/slim http://www.loc.gov/standards/marcxml/schema/MARC21slim.xsd"
    xmlns="http://www.loc.gov/MARC21/slim">

  <leader>03349nam a2200457 i 4500</leader>
  <controlfield tag="001">021047557</controlfield>
  <controlfield tag="003">EG-ScBUE</controlfield>
  <controlfield tag="005">20230511092103.0</controlfield>
  <controlfield tag="008">150831t2015    bcca   f bc   000 0 eng d</controlfield>
  <datafield tag="020" ind1=" " ind2=" ">
    <subfield code="a">9781927958483</subfield>
  </datafield>
  <datafield tag="020" ind1=" " ind2=" ">
    <subfield code="a">1927958482</subfield>
  </datafield>
  <datafield tag="020" ind1=" " ind2=" ">
    <subfield code="a">9781927958872</subfield>
  </datafield>
  <datafield tag="020" ind1=" " ind2=" ">
    <subfield code="a">1927958873</subfield>
  </datafield>
  <datafield tag="035" ind1=" " ind2=" ">
    <subfield code="a">(OCoLC)920015643</subfield>
    <subfield code="z">(OCoLC)915501431</subfield>
    <subfield code="z">(OCoLC)939427327</subfield>
  </datafield>
  <datafield tag="040" ind1=" " ind2=" ">
    <subfield code="a">NLC</subfield>
    <subfield code="b">eng</subfield>
    <subfield code="e">rda</subfield>
    <subfield code="c">NLC</subfield>
    <subfield code="d">BTCTA</subfield>
    <subfield code="d">BDX</subfield>
    <subfield code="d">YDXCP</subfield>
    <subfield code="d">OCLCF</subfield>
    <subfield code="d">VP@</subfield>
    <subfield code="d">SFB</subfield>
    <subfield code="d">JPG</subfield>
    <subfield code="d">RVE</subfield>
    <subfield code="d">VT2</subfield>
    <subfield code="d">VRC</subfield>
    <subfield code="d">NZAUC</subfield>
    <subfield code="d">SFR</subfield>
    <subfield code="d">NLC</subfield>
    <subfield code="d">UBC</subfield>
    <subfield code="d">OCLCO</subfield>
    <subfield code="d">HFL</subfield>
    <subfield code="d">UKMGB</subfield>
    <subfield code="d">OCLCO</subfield>
    <subfield code="d">OCLCQ</subfield>
    <subfield code="d">OCLCO</subfield>
    <subfield code="d">CTU</subfield>
    <subfield code="d">OCLCO</subfield>
    <subfield code="d">OCLCA</subfield>
    <subfield code="d">EG-ScBUE</subfield>
  </datafield>
  <datafield tag="082" ind1="0" ind2="4">
    <subfield code="a">779.092</subfield>
    <subfield code="2">22</subfield>
    <subfield code="b">WAL</subfield>
  </datafield>
  <datafield tag="100" ind1="1" ind2=" ">
    <subfield code="a">Wall, Jeff,</subfield>
    <subfield code="d">1946-</subfield>
    <subfield code="e">author.</subfield>
  </datafield>
  <datafield tag="240" ind1="1" ind2="0">
    <subfield code="a">Photographs.</subfield>
    <subfield code="k">Selections</subfield>
  </datafield>
  <datafield tag="245" ind1="1" ind2="0">
    <subfield code="a">Jeff Wall :</subfield>
    <subfield code="b">north &amp; west.</subfield>
  </datafield>
  <datafield tag="246" ind1="3" ind2="0">
    <subfield code="a">North &amp; west</subfield>
  </datafield>
  <datafield tag="246" ind1="3" ind2=" ">
    <subfield code="a">North and west</subfield>
  </datafield>
  <datafield tag="264" ind1=" " ind2="1">
    <subfield code="a">Vancouver ;</subfield>
    <subfield code="a">Berkeley :</subfield>
    <subfield code="b">Figure. 1 ;</subfield>
    <subfield code="a">Whistler, BC, Canada :</subfield>
    <subfield code="b">Audain Art Museum,</subfield>
    <subfield code="c">[2015]</subfield>
  </datafield>
  <datafield tag="264" ind1=" " ind2="4">
    <subfield code="c">&#xA9;2015</subfield>
  </datafield>
  <datafield tag="300" ind1=" " ind2=" ">
    <subfield code="a">viii, 55 pages :</subfield>
    <subfield code="b">illustrations (chiefly colour) ;</subfield>
    <subfield code="c">29 cm</subfield>
  </datafield>
  <datafield tag="336" ind1=" " ind2=" ">
    <subfield code="a">text</subfield>
    <subfield code="b">txt</subfield>
    <subfield code="2">rdacontent</subfield>
  </datafield>
  <datafield tag="336" ind1=" " ind2=" ">
    <subfield code="a">still image</subfield>
    <subfield code="b">sti</subfield>
    <subfield code="2">rdacontent</subfield>
  </datafield>
  <datafield tag="337" ind1=" " ind2=" ">
    <subfield code="a">unmediated</subfield>
    <subfield code="b">n</subfield>
    <subfield code="2">rdamedia</subfield>
  </datafield>
  <datafield tag="338" ind1=" " ind2=" ">
    <subfield code="a">volume</subfield>
    <subfield code="b">nc</subfield>
    <subfield code="2">rdacarrier</subfield>
  </datafield>
  <datafield tag="500" ind1=" " ind2=" ">
    <subfield code="a">Catalogue of an exhibition held at the Audain Art Museum from November 21, 2015 to April 24, 2016.</subfield>
  </datafield>
  <datafield tag="500" ind1=" " ind2=" ">
    <subfield code="a">"This catalogue was prepared for the Audain Art Museum exhibition Jeff Wall : North &amp; West."</subfield>
  </datafield>
  <datafield tag="500" ind1=" " ind2=" ">
    <subfield code="a">"This book is a record of an exhibition that did not take place"--Errata.</subfield>
  </datafield>
  <datafield tag="504" ind1=" " ind2=" ">
    <subfield code="a">Includes bibliographical references.</subfield>
  </datafield>
  <datafield tag="505" ind1="0" ind2=" ">
    <subfield code="a">Foreword / Suzanne E. Greening -- Boy on a bicycle / Aaron Peck -- Works of Art. The Storyteller -- The Old Prison -- Coastal Motifs -- Volunteer -- Shapes on a tree -- Clipped Branches, E. Cordova St., Vancouver -- A man with a rifle -- Tattoos and Shadows -- Night -- Rainfilled suitcase -- A woman with a covered tray -- Fieldwork -- Hotels, Carrall St., Vancouver, summer 2005 -- In front of a nightclub -- Fortified door -- Knife throw -- Boy falls from tree -- Young man wet with rain -- Boxing -- Band &amp; crowd -- Monologue.</subfield>
  </datafield>
  <datafield tag="520" ind1=" " ind2=" ">
    <subfield code="a">"Jeff Wall has lived in his hometown of Vancouver for all but four years of his life. Most of the images he has created are shot in and around that city, yet his art transcends these local subjects and addresses universal themes of history and memory. That explains why his work is celebrated around the world and has been the subject of countless international exhibitions from the Tate Modern, to MoMa, to the Art Institute of Chicago. His importance to photoconceptualism is recognized throughout the art world and his cinematographic pictures are immensely popular with the public and the academy alike. The images he has chosen for North and West explore the meaning of history and how we remember the cities we inhabit. The towns imprinted in our minds no longer exist. Urban landscapes constantly change but the remnants of the past remain and history's influence never ends. North and West is a succinct and indispensible look into the profoundly moving and influential oeuvre of Jeff Wall"--Provided by publisher.</subfield>
  </datafield>
  <datafield tag="600" ind1="1" ind2="7">
    <subfield code="a">Wall, Jeff,</subfield>
    <subfield code="d">1946-</subfield>
    <subfield code="v">Exhibitions.</subfield>
    <subfield code="2">BUEsh</subfield>
  </datafield>
  <datafield tag="650" ind1=" " ind2="7">
    <subfield code="a">Photography, Artistic</subfield>
    <subfield code="v">Exhibitions.</subfield>
    <subfield code="2">BUEsh</subfield>
  </datafield>
  <datafield tag="653" ind1=" " ind2=" ">
    <subfield code="b">ART</subfield>
    <subfield code="c">May2023</subfield>
  </datafield>
  <datafield tag="655" ind1=" " ind2=" ">
    <subfield code="v">Reading book</subfield>
  </datafield>
  <datafield tag="710" ind1="2" ind2=" ">
    <subfield code="a">Audain Art Museum,</subfield>
    <subfield code="e">issuing body,</subfield>
    <subfield code="e">host institution.</subfield>
  </datafield>
  <datafield tag="942" ind1=" " ind2=" ">
    <subfield code="2">ddc</subfield>
    <subfield code="c">BB</subfield>
  </datafield>
  <datafield tag="999" ind1=" " ind2=" ">
    <subfield code="c">30322</subfield>
    <subfield code="d">30293</subfield>
  </datafield>
  <datafield tag="952" ind1=" " ind2=" ">
    <subfield code="0">0</subfield>
    <subfield code="1">0</subfield>
    <subfield code="2">ddc</subfield>
    <subfield code="4">0</subfield>
    <subfield code="7">0</subfield>
    <subfield code="8">Baccah</subfield>
    <subfield code="a">MAIN</subfield>
    <subfield code="b">MAIN</subfield>
    <subfield code="c">2ND</subfield>
    <subfield code="d">2023-05-11</subfield>
    <subfield code="e">Purchase</subfield>
    <subfield code="g">1086.00</subfield>
    <subfield code="h">37381</subfield>
    <subfield code="l">0</subfield>
    <subfield code="o">779.092 WAL</subfield>
    <subfield code="p">000044977</subfield>
    <subfield code="r">2025-07-15 00:00:00</subfield>
    <subfield code="v">1357.50</subfield>
    <subfield code="w">2023-05-11</subfield>
    <subfield code="y">BB</subfield>
  </datafield>
</record>
